000 00352nam a22001457a 4500
008 250423b ||||| |||| 00| 0 eng d
020 _a70180494
041 _aeng
080 _21974
_a33MEN
082 _233MEN
_a33MEN
100 _a23
101 _aMATEMATIKA
245 _aCOMMUNICATING THROUCH LETTERS AND REPORTS
_cJ.H.MENNING
942 _2udc
_cBK
999 _c60709
_d60709